000
00293nam a22001097a 4500
008
170118b xxu||||| |||| 00| 0 eng d
020
_a
9780803618275
041
_a
eng
080
_2
4TH
_a
618.2
245
_a
ADVANCING YOUR CAREER/ CONCEPTS OF PROFESSIONAL NURSING
_c
NUNNERY, R,K
942
_2
udc
_c
BK
999
_c
3085
_d
3085